<?xml version="1.0" encoding="UTF-8"?>
<collection xmlns="http://www.loc.gov/MARC21/slim">
 <record>
  <leader>02330nam a2200337 a 4500</leader>
  <controlfield tag="001">0014114</controlfield>
  <controlfield tag="003">BD-DhAAL</controlfield>
  <controlfield tag="008">010425s2003    nyua          000 0 eng d</controlfield>
  <datafield tag="010" ind1=" " ind2=" ">
   <subfield code="a">  2001032196</subfield>
  </datafield>
  <datafield tag="020" ind1=" " ind2=" ">
   <subfield code="a">0194369307</subfield>
  </datafield>
  <datafield tag="020" ind1=" " ind2=" ">
   <subfield code="a">9780194369305</subfield>
  </datafield>
  <datafield tag="040" ind1=" " ind2=" ">
   <subfield code="a">DLC</subfield>
   <subfield code="c">DLC</subfield>
   <subfield code="d">DLC</subfield>
   <subfield code="d">BD-DhAAL</subfield>
  </datafield>
  <datafield tag="082" ind1="0" ind2="0">
   <subfield code="a">428.24</subfield>
   <subfield code="2">22</subfield>
  </datafield>
  <datafield tag="100" ind1="1" ind2=" ">
   <subfield code="a">Soars, John,</subfield>
   <subfield code="d">1951-</subfield>
   <subfield code="9">45468</subfield>
  </datafield>
  <datafield tag="245" ind1="1" ind2="0">
   <subfield code="a">New headway:</subfield>
   <subfield code="b">advanced Student's book /</subfield>
   <subfield code="c">John and Liz Soars.</subfield>
  </datafield>
  <datafield tag="260" ind1=" " ind2=" ">
   <subfield code="a">New York :</subfield>
   <subfield code="b">Oxford University Press,</subfield>
   <subfield code="c">2003.</subfield>
  </datafield>
  <datafield tag="300" ind1=" " ind2=" ">
   <subfield code="a">160 pages :</subfield>
   <subfield code="b">illustrations ;</subfield>
   <subfield code="c">27 cm</subfield>
  </datafield>
  <datafield tag="526" ind1=" " ind2=" ">
   <subfield code="a">EL-Pro</subfield>
   <subfield code="x">Sheikh Shams
Faculty member of BRAC University ;</subfield>
   <subfield code="x">Shadia Alam
Senior Manager, Human Resources Department</subfield>
  </datafield>
  <datafield tag="541" ind1="1" ind2=" ">
   <subfield code="a">Friends' Book Corner</subfield>
   <subfield code="e">14114, 15983, 16923</subfield>
  </datafield>
  <datafield tag="650" ind1=" " ind2="0">
   <subfield code="a">English language</subfield>
   <subfield code="v">Textbooks for foreign speakers.</subfield>
   <subfield code="9">45469</subfield>
  </datafield>
  <datafield tag="650" ind1=" " ind2="0">
   <subfield code="a">English language</subfield>
   <subfield code="z">United States</subfield>
   <subfield code="v">Problems, exercises, etc.</subfield>
   <subfield code="9">45470</subfield>
  </datafield>
  <datafield tag="650" ind1=" " ind2="0">
   <subfield code="a">Americanisms</subfield>
   <subfield code="v">Problems, exercises, etc.</subfield>
   <subfield code="9">45471</subfield>
  </datafield>
  <datafield tag="700" ind1="1" ind2=" ">
   <subfield code="a">Soars, Liz,</subfield>
   <subfield code="d">1945-</subfield>
   <subfield code="9">45472</subfield>
  </datafield>
  <datafield tag="852" ind1="4" ind2=" ">
   <subfield code="a">Ayesha Abed Library</subfield>
   <subfield code="c">General Stacks</subfield>
  </datafield>
  <datafield tag="942" ind1=" " ind2=" ">
   <subfield code="2">ddc</subfield>
   <subfield code="c">BK</subfield>
  </datafield>
  <datafield tag="999" ind1=" " ind2=" ">
   <subfield code="c">3469</subfield>
   <subfield code="d">3469</subfield>
  </datafield>
  <datafield tag="952" ind1=" " ind2=" ">
   <subfield code="0">0</subfield>
   <subfield code="1">4</subfield>
   <subfield code="2">ddc</subfield>
   <subfield code="4">0</subfield>
   <subfield code="6">428_340000000000000_SOA</subfield>
   <subfield code="7">0</subfield>
   <subfield code="9">3318</subfield>
   <subfield code="a">BRACUL</subfield>
   <subfield code="b">BRACUL</subfield>
   <subfield code="d">2009-09-03</subfield>
   <subfield code="e">Friends' Book Corner</subfield>
   <subfield code="g">760.00</subfield>
   <subfield code="l">0</subfield>
   <subfield code="o">428.34 SOA</subfield>
   <subfield code="p">3010016925</subfield>
   <subfield code="r">2009-09-03</subfield>
   <subfield code="t">5</subfield>
   <subfield code="v">1520.00</subfield>
   <subfield code="w">2009-09-03</subfield>
   <subfield code="y">BK</subfield>
   <subfield code="x">Koha Inventory 2020 ; Requisitioned by Shadia Alam, Senior manager, HRD</subfield>
  </datafield>
  <datafield tag="952" ind1=" " ind2=" ">
   <subfield code="0">0</subfield>
   <subfield code="1">0</subfield>
   <subfield code="2">ddc</subfield>
   <subfield code="4">0</subfield>
   <subfield code="6">428_240000000000000_SOA</subfield>
   <subfield code="7">0</subfield>
   <subfield code="9">10519</subfield>
   <subfield code="a">BRACUL</subfield>
   <subfield code="b">BRACUL</subfield>
   <subfield code="c">GEN</subfield>
   <subfield code="d">2010-05-25</subfield>
   <subfield code="g">950.00</subfield>
   <subfield code="l">6</subfield>
   <subfield code="m">10</subfield>
   <subfield code="o">428.24 SOA</subfield>
   <subfield code="p">3010014114</subfield>
   <subfield code="r">2025-01-17</subfield>
   <subfield code="s">2024-12-22</subfield>
   <subfield code="t">1</subfield>
   <subfield code="w">2010-05-25</subfield>
   <subfield code="y">BK</subfield>
   <subfield code="x">Price available in register book </subfield>
  </datafield>
  <datafield tag="952" ind1=" " ind2=" ">
   <subfield code="0">0</subfield>
   <subfield code="1">0</subfield>
   <subfield code="2">ddc</subfield>
   <subfield code="4">0</subfield>
   <subfield code="6">428_240000000000000_SOA_2003</subfield>
   <subfield code="7">0</subfield>
   <subfield code="9">12194</subfield>
   <subfield code="a">BRACUL</subfield>
   <subfield code="b">BRACUL</subfield>
   <subfield code="c">GEN</subfield>
   <subfield code="d">2010-09-29</subfield>
   <subfield code="e">Friends' Book Corner</subfield>
   <subfield code="g">950.00</subfield>
   <subfield code="l">8</subfield>
   <subfield code="m">18</subfield>
   <subfield code="o">428.24 SOA</subfield>
   <subfield code="p">3010015983</subfield>
   <subfield code="r">2022-10-18</subfield>
   <subfield code="s">2022-10-11</subfield>
   <subfield code="t">2</subfield>
   <subfield code="w">2010-09-29</subfield>
   <subfield code="y">BK</subfield>
   <subfield code="x">Requisitioned by Sheikh Shams, Faculty member of BRAC University</subfield>
  </datafield>
  <datafield tag="952" ind1=" " ind2=" ">
   <subfield code="0">0</subfield>
   <subfield code="1">0</subfield>
   <subfield code="2">ddc</subfield>
   <subfield code="4">0</subfield>
   <subfield code="6">428_240000000000000_SOA_2003</subfield>
   <subfield code="7">0</subfield>
   <subfield code="9">17900</subfield>
   <subfield code="a">BRACUL</subfield>
   <subfield code="b">BRACUL</subfield>
   <subfield code="c">GEN</subfield>
   <subfield code="d">2011-08-23</subfield>
   <subfield code="e">Friends' Book Corner</subfield>
   <subfield code="g">760.00</subfield>
   <subfield code="l">4</subfield>
   <subfield code="m">2</subfield>
   <subfield code="o">428.24 SOA</subfield>
   <subfield code="p">3010016923</subfield>
   <subfield code="r">2016-04-12</subfield>
   <subfield code="s">2016-03-31</subfield>
   <subfield code="t">4</subfield>
   <subfield code="w">2011-08-23</subfield>
   <subfield code="y">BK</subfield>
   <subfield code="x">Requisitioned by Shadia Alam, Senior manager, HRD</subfield>
  </datafield>
  <datafield tag="952" ind1=" " ind2=" ">
   <subfield code="0">0</subfield>
   <subfield code="1">0</subfield>
   <subfield code="2">ddc</subfield>
   <subfield code="4">0</subfield>
   <subfield code="6">428_240000000000000_SOA_2003</subfield>
   <subfield code="7">0</subfield>
   <subfield code="9">17901</subfield>
   <subfield code="a">BRACUL</subfield>
   <subfield code="b">BRACUL</subfield>
   <subfield code="c">GEN</subfield>
   <subfield code="d">2011-08-23</subfield>
   <subfield code="e">Friends' Book Corner</subfield>
   <subfield code="g">950.00</subfield>
   <subfield code="l">4</subfield>
   <subfield code="m">16</subfield>
   <subfield code="o">428.24 SOA</subfield>
   <subfield code="p">3010015984</subfield>
   <subfield code="r">2018-04-15</subfield>
   <subfield code="s">2018-02-11</subfield>
   <subfield code="t">3</subfield>
   <subfield code="w">2011-08-23</subfield>
   <subfield code="y">BK</subfield>
   <subfield code="x">Requisitioned by Sheikh Shams, Faculty member of BRAC University</subfield>
  </datafield>
 </record>
</collection>
